000 004490000a22001450004500
005 20120302063719.0
942 _cBOOK
100 _a Chandra,Bipan;Mukharji,Mrudula;Aaditya,Mukharji
245 _a India after Independence:Swatantrottar bharat
260 _aPune:K'sagar publications
300 _a707p.
040 _aMar
365 _b270/-
650 _aTMC,India (after Independence),Neharu,Indira Gandhi,Bharatiya arthavevastha,Bharatiya Stree
999 _c360267
_d360264